Evaluaciones del desempeño ambiental: Chile

Saved in:
Bibliographic Details
Corporate Authors: OCDE (Author), Organización de Cooperación y Desarrollo Económicos (Author), Naciones unidas (Author), CEPAL (Author), Comisión Económica para América Latina y El Caribe (Author)
Format: Book
Language:Spanish
Published: s.l s.n 2005
Subjects:
Online Access:portada
Tags: Add Tag
No Tags, Be the first to tag this record!

MARC

LEADER 00000nam a2200000 a 4500
001 UCJ8881
003 CL-VaPUC
008 070124e20050000sl |||||||||||||||||spa|d
020 |a 9213226942 
082 0 4 |a 363.7  |b OCD  |2 21 
110 2 |a OCDE  |e author  |9 518613 
710 2 |a Organización de Cooperación y Desarrollo Económicos  |e author  |9 518614 
710 2 |a Naciones unidas  |e author  |9 518615 
710 2 |a CEPAL  |e author  |9 518616 
710 2 |a Comisión Económica para América Latina y El Caribe  |e author  |9 518617 
245 1 0 |a Evaluaciones del desempeño ambiental: Chile 
300 |a pág. irreg 
942 |c BK 
945 |d 20070124 00:00:00  |a fvergara 
260 |a s.l  |b s.n  |c 2005 
500 |a Esta publicación contiene numerosos cuadros, tablas y gráficos. Disponible en línea en el sitio http://www.cepal.org 
500 |a La OCDE es un foro singular en el que los gobiernos de 30 países democráticos colaboran para abordar los desafíos económicos, sociales y ambientales de la globalización 
650 0 |a Gestión   |9 260993 
650 0 |a Medio ambiente  |9 257625 
650 0 |a Recursos naturales  |9 255232 
650 0 |a Agua  |9 257149 
650 0 |a Aire  |9 261540 
650 7 |a CONSERVACION  |2 CL-VaPUC  |9 259519 
650 0 |a Economía   |9 255568 
650 0 |a Sociedad  |9 307903 
650 0 |a Cooperación internacional  |9 255447 
651 7 |a CHILE  |2 CL-VaPUC  |9 518618 
856 7 |f UCJ8881_01.jpg  |u http://opac.pucv.cl/pucv_img/Img-8500/UCJ8881_01.jpg  |q JEPG  |2 file  |z portada 
583 |a last modification  |c 20180110 10:54:40  |k Rodrigo Vera 
999 |c 324529  |d 324527 
952 |0 0  |1 0  |4 0  |6 363_700000000000000_OCD_2005  |7 0  |8 X  |9 404780  |a FDOBUD  |b FDOBUD  |d 2019-11-22  |i 1085263  |o 363.7 OCD 2005  |p 1085263  |r 2019-11-22  |w 2019-11-22  |y BK_X  |k BUD